Imperio

Enregistré dans:
Détails bibliographiques
Auteur principal: Hardt, Michael (Auteur)
Autres auteurs: Negri, Antonio (autor)
Format: Livre
Langue:espagnol
Publié: Buenos Aires Paidós 2002
Édition:1a. ed
Sujets:
Tags: Ajouter un tag
Pas de tags, Soyez le premier à ajouter un tag!

MARC

LEADER 00000cam a2200000 a 4500
001 UCF9031
003 CL-VaPUC
008 131018e20020000ag |||||||||||||||||spa|d
020 |a 9501253368 
082 0 4 |a 320.01  |b HAR  |2 21 
100 |a Hardt, Michael  |e author  |9 592263 
700 |a Negri, Antonio  |e autor  |9 455299 
245 1 0 |a Imperio 
250 |a 1a. ed 
300 |a 400 p 
942 |c BK 
945 |d 20131018 14:00:00  |a dcastane 
260 |a Buenos Aires  |b Paidós  |c 2002 
650 7 |a FILOSOFIA POLITICA  |2 CL-VaPUC  |9 571191 
650 0 |a Imperialismo  |9 258264 
650 0 |a Capitalismo  |9 255255 
583 |a last modification  |c 20131018 14:00:00  |k Rodrigo Vera 
999 |c 353516  |d 353514 
952 |0 0  |1 0  |3 erb  |4 0  |6 320_010000000000000_HAR_2002  |7 0  |8 A  |9 458830  |a BIBEDU  |b BIBEDU  |d 2019-11-23  |i 5019419  |l 2  |o 320.01 HAR 2002  |p 5019419  |r 2021-08-10  |s 2020-10-09  |w 2019-11-23  |y BK  |z Catalogado en:20131018  |k PSI